The use of ice on small fishing vessels

Saved in:
Bibliographic Details
Main Author: Michael Shawyer
Format: Book
Language:Undetermined
Published: Rome, Italy FAO 2003
Subjects:
Tags: Add Tag
No Tags, Be the first to tag this record!
Institutions: Trung tâm Học liệu Trường Đại học Cần Thơ
LEADER 00531nam a2200193Ia 4500
001 CTU_59783
008 210402s9999 xx 000 0 und d
082 |a 338.3727 
082 |b S534 
100 |a Michael Shawyer 
245 4 |a The use of ice on small fishing vessels 
245 0 |c Michael Shawyer and Avilio F. Medina Pizzali 
260 |a Rome, Italy 
260 |b FAO 
260 |c 2003 
650 |a fishery products 
650 |x preservation 
904 |i Minh 
980 |a Trung tâm Học liệu Trường Đại học Cần Thơ